000 01916nam a2200409 c 4500
003 BLK
005 20180420224659.0
008 180408b bul|||||r ||||||| ||bul||
010 _aKNG00087026000
040 _aBLK
041 _aBUL
_cBUL
080 _aСъдопроизводство (Съдебна процедура). Съдоустройство (Организация на съдилищата и прокуратурата). Вж и 343. 1;344;348
_b347.9
_x(497.2)(082)
_z347.9(497.2)(082)
080 _aТеория и значение на печата. Отношение към други професии
_b070.1
_x:347.9(497.2)(082)
_z070.1:347.9(497.2)(082)
100 1 _aТорошанова, Анелия
_eпърви автор
_9130687
139 _aМедиите и съдът
_bМ 45
245 1 0 _aМедиите и съдът
_bСб. публикации
_cАнелия Торошанова.
257 _aBGR
260 София
_bАмер. агенция за междунар. развитие
_c2007
300 _a134 с.
_bс ил.
_c23 см
380 _a3
500 _aИзд. Инициатива за укрепване на съдебната система на Амер. агенция за междунар. развитие. . 659.3
650 4 _aСъдопроизводство
_9172947
650 4 _aЖурналистика
_9155638
650 4 _aПериодичен печат - България
_9257320
651 4 _aБългария
_9241624
653 _aсъдопроизводство
653 _aсъдебна система
653 _aсъдебна реформа
653 _aсъдебни процеси
653 _aпериодичен печат
653 _aжурналистика
852 _aЦб 242222
856 4 _qpdf
_u
856 4 _qpdf
_u
942 _cKNG
_n0
944 _aCR
_c29.12.2008
_lф /
_kЛюдмила_Стоянова
944 _aED
_c29.10.2014
_lф /
_k
999 _c82495
_d82495